Textos básicos sobre derechos humanos / (Record no. 129513)

MARC details
000 -LEADER
campo de control de longitud fija 00843nam a2200229 i 4500
001 - NÚMERO DE CONTROL
campo de control 129513
003 - IDENTIFICADOR DE NÚMERO DE CONTROL
campo de control ES-MaACL
005 - FECHA Y HORA DE LA ÚLTIMA TRANSACCIÓN
campo de control 20250809042455.0
007 - CAMPO FIJO DE DESCRIPCIÓN FÍSICA--INFORMACIÓN GENERAL
campo de control de longitud fija t|
008 - DATOS DE LONGITUD FIJA--INFORMACIÓN GENERAL
campo de control de longitud fija 070625s1973 sp ||||1| spa d
020 ## - NÚMERO INTERNACIONAL ESTÁNDAR DEL LIBRO
Número Internacional Estándar del Libro 84-600-5536-1
080 ## - NÚMERO DE LA CLASIFICACIÓN DECIMAL UNIVERSAL
Número de la Clasificación Decimal Universal 342.7(100)(094.5)
245 00 - MENCIÓN DEL TÍTULO
Título Textos básicos sobre derechos humanos /
Mención de responsabilidad, etc. edición preparada por Gregorio Peces-Barba Martínez ; con la colaboración de Liborio Hierro Sánchez-Pescador.
260 ## - PUBLICACIÓN, DISTRIBUCIÓN, ETC.
Lugar de publicación, distribución, etc. Madrid :
Nombre del editor, distribuidor, etc. Universidad Complutense, Facultad de Derecho,
Fecha de publicación, distribución, etc. 1973.
300 ## - DESCRIPCIÓN FÍSICA
Extensión 459 p. ;
Dimensiones 21 cm.
650 #7 - PUNTO DE ACCESO ADICIONAL DE MATERIA--TÉRMINO DE MATERIA
Término de materia o nombre geográfico como elemento de entrada Derechos humanos
Fuente del encabezamiento o término embne
9 (RLIN) 11770
700 1# - ENTRADA AGREGADA--NOMBRE PERSONAL
Nombre de persona Peces-Barba, Gregorio,
Fechas asociadas al nombre 1938-
9 (RLIN) 89835
700 1# - ENTRADA AGREGADA--NOMBRE PERSONAL
Nombre de persona Hierro, Liborio L.
9 (RLIN) 173863
710 2# - ENTRADA AGREGADA--NOMBRE DE ENTIDAD CORPORATIVA
Nombre de entidad corporativa o nombre de jurisdicción como elemento de entrada Universidad Complutense de Madrid.
Unidad subordinada Facultad de Derecho.
9 (RLIN) 7119
852 4# - LOCALIZACIÓN
Ubicación ES-MaACL
Número de control de estantería C-52064
Holdings
Estatus retirado Estado de pérdida Estado de daño No para préstamo Biblioteca de origen Biblioteca actual Ubicación en estantería Fecha de adquisición Fuente de adquisición Total de préstamos Signatura topográfica completa Código de barras Visto por última vez Precio de reemplazo Tipo de ítem Koha
        Biblioteca del Ateneo de Madrid Biblioteca del Ateneo de Madrid Depósito 2 17/01/2008     C-52064 1134866 23/02/2023 23/02/2023 Libro impreso